[Event "Arco op 41st"]
[Site "Arco"]
[Date "2019.10.05"]
[Round "2"]
[White "Curien, Nicolas"]
[Black "Simeone, Giulio"]
[Result "1-0"]
[WhiteElo "2266"]
[BlackElo "2004"]
[PlyCount "83"]
[EventDate "2019.10.04"]
[EventType "swiss"]
[EventRounds "9"]
[EventCountry "ITA"]
[SourceTitle "EXT 2020"]
[Source "ChessBase"]
[SourceDate "2019.10.17"]
[SourceVersion "1"]
[SourceVersionDate "2019.10.17"]
[SourceQuality "1"]

1. d4 Nf6 2. Nc3 d5 3. Bf4 Bf5 4. f3 c6 5. e3 Qb6 6. Rb1 e6 7. g4 Bg6 8. h4 h5 9. g5 Ng8 10. a3 Ne7 11. e4 Nd7 12. Qd2 Nc8 13. exd5 exd5 14. Rh2 Be7 15. Bh3 Qd8 16. Nge2 Ncb6 17. Ng3 0-0 18. Nf5 Nc4 19. Qf2 Re8 20. Kf1 Nf8 21. Be5 Nxe5 22. dxe5 Qa5 23. Nxe7+ Rxe7 24. f4 Rd8 25. Rd1 b5 26. f5 Bh7 27. f6 Rxe5 28. fxg7 Ng6 29. Qf6 Qc7 30. Rf2 Qe7 31. Qxc6 Nxh4 32. Qf6 Qxf6 33. gxf6 a6 34. Rd4 Nf5 35. Bxf5 Bxf5 36. Re2 Rxe2 37. Kxe2 Be6 38. Ke3 Kh7 39. Kf4 Kg6 40. Nxd5 Bxd5 41. Rxd5 Re8 42. Rg5+ 1-0

[Event "Arco op 37th"]
[Site "Arco"]
[Date "2015.10.15"]
[Round "6"]
[White "Valenti, Giuseppe"]
[Black "Simeone, Giulio"]
[Result "1/2-1/2"]
[WhiteElo "2089"]
[BlackElo "1960"]
[PlyCount "57"]
[EventDate "2015.10.10"]
[EventType "swiss"]
[EventRounds "9"]
[EventCountry "ITA"]
[SourceTitle "CBM 168 Extra"]
[Source "ChessBase"]
[SourceDate "2015.10.29"]
[SourceVersion "1"]
[SourceVersionDate "2015.10.29"]
[SourceQuality "1"]

1. e4 c6 2. d4 d5 3. Nd2 dxe4 4. Nxe4 Nf6 5. Ng3 e5 6. Nf3 exd4 7. Nxd4 Bc5 8. Qe2+ Be7 9. c3 0-0 10. Qc2 c5 11. Ndf5 Re8 12. Be2 Bf8 13. 0-0 Nc6 14. Bg5 Bxf5 15. Nxf5 Ne5 16. h3 Qb6 17. a4 h6 18. Bh4 Ng6 19. Bg3 Ne4 20. Bh2 Rad8 21. Bd3 Nd6 22. Bxd6 Bxd6 23. Nxh6+ gxh6 24. Bxg6 fxg6 25. Qxg6+ Kf8 26. Qf6+ Kg8 27. Qg6+ Kh8 28. Qxh6+ Kg8 29. Qg6+ 1/2-1/2

[Event "Arco op 36th"]
[Site "Arco"]
[Date "2014.10.06"]
[Round "3"]
[White "Dittmar, Peter"]
[Black "Simeone, Giulio"]
[Result "1-0"]
[WhiteElo "2293"]
[BlackElo "1991"]
[PlyCount "77"]
[EventDate "2014.10.04"]
[EventType "swiss"]
[EventRounds "9"]
[EventCountry "ITA"]
[SourceTitle "CBM 162 Extra"]
[Source "ChessBase"]
[SourceDate "2014.10.17"]
[SourceVersion "1"]
[SourceVersionDate "2014.10.17"]
[SourceQuality "1"]

1. d4 g6 2. e4 d6 3. Nc3 Nf6 4. Nf3 Bg7 5. Be2 0-0 6. 0-0 c5 7. d5 Bd7 8. Re1 Na6 9. Bf1 Nc7 10. a4 Bg4 11. h3 Bxf3 12. Qxf3 Nd7 13. Bf4 Ne5 14. Qe3 Na6 15. Bh6 Nb4 16. Bxg7 Kxg7 17. Qd2 Qc8 18. f4 Nd7 19. e5 dxe5 20. fxe5 c4 21. a5 b5 22. Kh1 Qb7 23. Re4 Nc5 24. Rh4 h5 25. Rd1 Rac8 26. Rxh5 Rh8 27. Rxh8 Rxh8 28. Be2 Qb8 29. d6 Nd7 30. Ne4 Nc6 31. e6 fxe6 32. Ng5 Nc5 33. Qc3+ e5 34. Bf3 Nd4 35. Rxd4 Na4 36. Qd2 exd4 37. Qxd4+ Kh6 38. Ne6 Qg8 39. Qh4# 1-0

[Event "Rome Lazio op 2nd"]
[Site "Rome"]
[Date "2014.01.05"]
[Round "6"]
[White "Simeone, Giulio"]
[Black "Medori, Marco"]
[Result "1-0"]
[WhiteElo "2018"]
[BlackElo "1914"]
[PlyCount "25"]
[EventDate "2014.01.02"]
[EventType "swiss"]
[EventRounds "7"]
[EventCountry "ITA"]
[SourceTitle "EXT 2015"]
[Source "ChessBase"]
[SourceDate "2014.11.20"]
[SourceVersion "1"]
[SourceVersionDate "2014.11.20"]
[SourceQuality "1"]

1. c4 e5 2. Nc3 f5 3. e3 Nc6 4. d4 exd4 5. exd4 Nf6 6. Nf3 Bb4 7. Bd3 d5 8. 0-0 0-0 9. cxd5 Nxd5 10. Bg5 Be7 11. Nxd5 Bxg5 12. Nxc7 Bf6 13. Nxa8 1-0

[Event "EU-ch U10"]
[Site "Prague"]
[Date "2012.08.21"]
[Round "5"]
[White "Viczencz, Peter"]
[Black "Simeone, Giulio"]
[Result "1-0"]
[WhiteElo "1458"]
[BlackElo "1937"]
[PlyCount "55"]
[EventDate "2012.08.17"]
[EventType "swiss"]
[EventRounds "9"]
[EventCountry "CZE"]
[SourceTitle "CBM 150 Extra"]
[Source "ChessBase"]
[SourceDate "2012.10.19"]
[SourceVersion "1"]
[SourceVersionDate "2012.10.19"]
[SourceQuality "1"]

1. e4 e6 2. d4 d5 3. Nc3 Bb4 4. exd5 Qxd5 5. a3 Bxc3+ 6. bxc3 Nc6 7. Nf3 Nf6 8. Be2 0-0 9. 0-0 b6 10. Be3 Bb7 11. c4 Qd6 12. c5 Qd7 13. Rb1 Nd5 14. Qd2 Rfe8 15. Bb5 a6 16. Ne5 Qc8 17. Bxc6 Bxc6 18. Nxc6 Qb7 19. Ne5 f6 20. Nf3 Rf8 21. c4 Ne7 22. Qb4 Nc6 23. Qb3 Na5 24. Qc3 Rab8 25. Rb2 Qa7 26. Rfb1 f5 27. cxb6 cxb6 28. d5 1-0

[Event "Ortisei Server24 op 1st"]
[Site "Ortisei"]
[Date "2012.06.10"]
[Round "9"]
[White "Simeone, Giulio"]
[Black "Schnell, Franz"]
[Result "1-0"]
[WhiteElo "1972"]
[BlackElo "1920"]
[PlyCount "95"]
[EventDate "2012.06.02"]
[EventType "swiss"]
[EventRounds "9"]
[EventCountry "ITA"]
[SourceTitle "EXT 2014"]
[Source "ChessBase"]
[SourceDate "2013.11.20"]
[SourceVersion "1"]
[SourceVersionDate "2013.11.20"]
[SourceQuality "1"]

1. c4 e5 2. Nc3 Bb4 3. Nd5 Be7 4. g3 Nf6 5. Nxe7 Qxe7 6. Bg2 Nc6 7. d3 h6 8. Nf3 Qb4+ 9. Qd2 Qxd2+ 10. Bxd2 a5 11. Bc3 d6 12. c5 Be6 13. cxd6 cxd6 14. 0-0 Ke7 15. Rfc1 Nd5 16. Be1 Rhc8 17. a3 a4 18. e3 Rc7 19. e4 Nf6 20. d4 exd4 21. Nxd4 Rac8 22. Nb5 Rd7 23. f4 Rdd8 24. Bf2 Nd7 25. Rd1 Bb3 26. Nxd6 Bxd1 27. Nxc8+ Rxc8 28. Rxd1 f6 29. Bh3 Rd8 30. Kf1 g6 31. Ke2 Ndb8 32. Bc5+ Ke8 33. Rxd8+ Kxd8 34. Bb6+ Ke7 35. Bc8 Nd7 36. Bxb7 Nxb6 37. Bxc6 Kd6 38. Be8 g5 39. Kf3 Kc5 40. Kg4 Kc4 41. Bf7+ Kd4 42. Kf5 gxf4 43. gxf4 Nc4 44. Bxc4 Kxc4 45. Kxf6 Kb3 46. e5 Kxb2 47. e6 Kxa3 48. e7 1-0

[Event "Isola d'Elba op 29th"]
[Site "Capoliveri "]
[Date "2011.05.14"]
[Round "9"]
[White "Arigoni, Bruno"]
[Black "Simeone, Giulio"]
[Result "0-1"]
[WhiteElo "2071"]
[BlackElo "1869"]
[PlyCount "128"]
[EventDate "2011.05.07"]
[EventType "swiss"]
[EventRounds "9"]
[EventCountry "ITA"]
[SourceTitle "EXT 2014"]
[Source "ChessBase"]
[SourceDate "2013.11.20"]
[SourceVersion "1"]
[SourceVersionDate "2013.11.20"]
[SourceQuality "1"]

1. Nf3 g6 2. d4 Bg7 3. c4 d6 4. Nc3 Nc6 5. e3 e5 6. d5 Nce7 7. e4 f5 8. Bg5 Nf6 9. Bxf6 Bxf6 10. Bd3 0-0 11. h4 c6 12. Qd2 f4 13. Be2 cxd5 14. Nxd5 Nxd5 15. Qxd5+ Kg7 16. 0-0-0 Qb6 17. Rhf1 Bg4 18. Qxd6 Qxd6 19. Rxd6 Bxh4 20. Rd2 Bf6 21. Nh2 Be6 22. Ng4 f3 23. Bxf3 Bxg4 24. Bxg4 Bg5 25. Be6 Rad8 26. Bd5 Bxd2+ 27. Kxd2 h5 28. Ke3 b6 29. f3 g5 30. Rc1 g4 31. b4 gxf3 32. gxf3 Kf6 33. f4 Rd7 34. fxe5+ Kxe5 35. Rg1 Rh7 36. c5 h4 37. Rg6 Re8 38. Rg5+ Kf6 39. Rf5+ Ke7 40. cxb6 axb6 41. Rf2 h3 42. Rh2 Rc8 43. Kf4 Rc3 44. Ke5 Rg3 45. Rc2 Rh5+ 46. Kf4 Rg2 47. Rc7+ Kd8 48. Rc1 h2 49. Rh1 Rh4+ 50. Ke3 Rg1 51. e5 Rxh1 52. Bxh1 Rxb4 53. Kf3 Rb1 54. Kg2 Rb2+ 55. Kh3 Rxa2 56. Bd5 Rd2 57. Bg2 Ke7 58. Kxh2 Ke6 59. Kg3 Kxe5 60. Bc6 Kd4 61. Kf3 Kc5 62. Be8 b5 63. Ke3 Rd8 64. Bf7 Kb4 0-1

[Event "Isola d'Elba op 29th"]
[Site "Capoliveri "]
[Date "2011.05.12"]
[Round "7"]
[White "Simeone, Giulio"]
[Black "Albanesi, Roberto"]
[Result "1/2-1/2"]
[WhiteElo "1869"]
[BlackElo "1980"]
[PlyCount "131"]
[EventDate "2011.05.07"]
[EventType "swiss"]
[EventRounds "9"]
[EventCountry "ITA"]
[SourceTitle "EXT 2014"]
[Source "ChessBase"]
[SourceDate "2013.11.20"]
[SourceVersion "1"]
[SourceVersionDate "2013.11.20"]
[SourceQuality "1"]

1. c4 Nf6 2. Nc3 c6 3. e4 d5 4. e5 d4 5. exf6 dxc3 6. fxg7 cxd2+ 7. Bxd2 Bxg7 8. Qc2 Qd6 9. Nf3 Bg4 10. 0-0-0 Qg6 11. Bd3 Qh5 12. Bc3 Qh6+ 13. Kb1 Nd7 14. Bf5 Bxf5 15. Qxf5 e6 16. Bxg7 Qxg7 17. Qa5 Nb6 18. Qb4 Qf8 19. Qc3 Nd7 20. Qa5 Nb6 21. Rd4 Qe7 22. Qe5 f6 23. Qg3 Kf7 24. Qh3 Qc5 25. Re1 Qf5+ 26. Qxf5 exf5 27. Nh4 Rhg8 28. g3 Rae8 29. Rxe8 Rxe8 30. Rf4 Re4 31. Nxf5 Rxf4 32. gxf4 Nxc4 33. Kc2 Ke6 34. Nd4+ Kd5 35. Nf5 Ke4 36. Ng3+ Kxf4 37. b3 Ne5 38. Kd1 Ng4 39. Ke2 Nxh2 40. b4 Ng4 41. Nh5+ Kg5 42. Ng7 Ne5 43. Ke3 Ng4+ 44. Kf3 h5 45. Ne6+ Kf5 46. Nd8 Ne5+ 47. Kg3 Nd3 48. a3 c5 49. Nxb7 cxb4 50. axb4 Nxb4 51. Kh4 Kg6 52. Na5 Nd3 53. f3 f5 54. Kg3 Kg5 55. Nc4 f4+ 56. Kg2 Nb4 57. Na5 Nd3 58. Nc6 Kh4 59. Nxa7 Kg5 60. Nb5 Kf5 61. Nd4+ Kg6 62. Kh3 Kf6 63. Kh4 Kg6 64. Ne6 Kh6 65. Kh3 Kg6 66. Kh4 1/2-1/2

[Event "Isola d'Elba op 29th"]
[Site "Capoliveri "]
[Date "2011.05.09"]
[Round "3"]
[White "Simeone, Giulio"]
[Black "Kopischke, Maik"]
[Result "1/2-1/2"]
[WhiteElo "1869"]
[BlackElo "1890"]
[PlyCount "40"]
[EventDate "2011.05.07"]
[EventType "swiss"]
[EventRounds "9"]
[EventCountry "ITA"]
[SourceTitle "EXT 2014"]
[Source "ChessBase"]
[SourceDate "2013.11.20"]
[SourceVersion "1"]
[SourceVersionDate "2013.11.20"]
[SourceQuality "1"]

1. c4 e5 2. Nc3 Nf6 3. Nf3 d6 4. d4 exd4 5. Nxd4 Nbd7 6. Bg5 Be7 7. Nf5 0-0 8. Qd2 Nb6 9. Nxe7+ Qxe7 10. e3 Bf5 11. Be2 Qe5 12. 0-0 Ne4 13. Nxe4 Bxe4 14. Bf4 Qe6 15. Qd4 Nd7 16. Rfd1 Rfe8 17. b4 b6 18. a4 a5 19. b5 Nc5 20. Ra2 Nb3 1/2-1/2